000 00389cam a2200169 4500
001 D14495
008 090401t1919 xxu||||| |||| 00| 0 eng d
035 _a(Sirsi) u16053
041 _aeng
100 _aWillshire, Noel A.D
245 _aRent, rates and housing
260 _aLondon
_bEstates Gazette
_c1919
350 _a0
520 _aShelf 137
942 _n0
948 _c04/03/1997
999 _c87356
_d87356